CAS: Condition Assessment Scheme / (Record no. 75)

000 -LEADER
fixed length control field 00544nam a2200157Ia 4500
008 - FIXED-LENGTH DATA ELEMENTS--GENERAL INFORMATION
fixed length control field 190719s9999||||xx |||||||||||||| ||und||
020 ## - INTERNATIONAL STANDARD BOOK NUMBER
International Standard Book Number 97889280142075
Terms of availability £ 10.00
040 ## - CATALOGING SOURCE
Original cataloging agency IMU Kochi
082 04 - DEWEY DECIMAL CLASSIFICATION NUMBER
Classification number 623.82450287
Item number In858
110 ## - MAIN ENTRY--CORPORATE NAME
Corporate name or jurisdiction name as entry element International Maritime Organization
245 #0 - TITLE STATEMENT
Title CAS: Condition Assessment Scheme /
Statement of responsibility, etc. International Maritime Organization
260 ## - PUBLICATION, DISTRIBUTION, ETC.
Place of publication, distribution, etc. London :
Name of publisher, distributor, etc. International Maritime Organization ,
Date of publication, distribution, etc. 2005
300 ## - PHYSICAL DESCRIPTION
Extent vi, 51 p.
Dimensions ; 24 cm.
650 ## - SUBJECT ADDED ENTRY--TOPICAL TERM
Topical term or geographic name entry element Cargo ships
General subdivision Inspection
Form subdivision Handbooks, manuals, etc.
942 ## - ADDED ENTRY ELEMENTS (KOHA)
Source of classification or shelving scheme
Koha item type Books
Holdings
Withdrawn status Lost status Damaged status Not for loan Collection code Permanent Location Current Location Shelving location Date acquired Source of acquisition Cost, normal purchase price Full call number Barcode Date last seen Price effective from Koha item type Public note
        IMO Collection IMU Kochi Library IMU Kochi Library Reference 2018-06-29 Sterling Book House 899.30 623.82450287 In858 BK005284 2019-07-19 2019-07-19 Books Shelf-3, Row-3
        IMO Collection IMU Kochi Library IMU Kochi Library Reference 2018-06-29 Sterling Book House 899.30 623.82450287 In858 BK005285 2019-07-19 2019-07-19 Books Shelf-3, Row-3
        IMO Collection IMU Kochi Library IMU Kochi Library Reference 2018-06-29 Sterling Book House 899.30 623.82450287 In858 BK005286 2019-07-19 2019-07-19 Books Shelf-3, Row-3


Copyright © All Rights Reserved by Indian Maritime University, Kochi Campus.
For any Suggestions/Query Contact to library or Email: library.kochi@imu.ac.in Ph:(0484)-2989402
(Web OPAC Designed by Rudra Ranjan. Maintained by IMU Kochi Library)

Powered by Koha